Pinceladas...de las Memorias de un Juez

Bibliographic Details
Main Author: Mosca, Juan Još
Format: eBook
Language:Spanish
Published: La Plata : Editorial Scotti Libros, 2003
Subjects:
Online Access:http://www.vlex.com/source/6741

MARC

LEADER 00000nam a22000007a 4500
005 20130218155516.0
007 cr|||| ||||
008 130218e2003 ag |||||s|||| 00| 0 spa d
020 |a 9879086538 
035 |a 6741 
040 |a vLex 
090 |c 3672  |d 3672 
100 1 0 |a Mosca, Juan Još 
245 1 0 |a Pinceladas...de las Memorias de un Juez  |h [Recurso electrn̤ico]  
256 |a Servicio en ln̕ea 
260 |a La Plata :  |b Editorial Scotti Libros,   |c 2003 
300 |a 1 Recurso electrn̤ico 
650 0 4 |a Organizacin̤ judicial  |z Argentina 
650 0 4 |a Biografa̕s 
740 |a vLex Libros (Servicio en ln̕ea) 
856 |a Acceso restringido  |u http://www.vlex.com/source/6741 
942 |c BOOK 
999 0 |a Law